000 00528nam a2200133 a 4500
005 20140414131940.0
008 110126s19uu xx 00 eng d
050 _aTR 728
_bD65 1992
100 _aDorros, Arthur
245 _aThis is my house. /
_cwritten and illustrated by Arthur Dorros.
520 _aText and illustrations depict the different types of houses lived in by children all over the world. On each page "This is my house" will appear in the appropriate native language.
650 _aDwellings.
999 _c112570
_d112570